|
|
|
|
| LEADER |
00000nas a2200000 a 4500 |
| 001 |
ssj0001284 |
| 003 |
WaSeSS |
| 005 |
20200512172242.0 |
| 006 |
m d |
| 007 |
cr n |
| 008 |
980507c19639999coumn pss 0 0eng c |
| 010 |
|
|
|a 2009247629
|
| 022 |
|
|
|y 0022-0892
|
| 030 |
|
|
|a JEVHAH
|
| 035 |
|
|
|a (WaSeSS)ssj0001284
|
| 037 |
|
|
|a 22573/cts9sv7x
|b JSTOR
|
| 040 |
|
|
|a FGA
|b eng
|c FGA
|d OCL
|d OCLCQ
|d FQM
|d BUF
|d AU@
|d OCLCQ
|d OCLCF
|d OCLCO
|d OCLCQ
|d OCLCO
|d OCLCQ
|d DYJ
|d LIP
|d OCLCO
|d XFH
|d OCLCO
|d WT2
|d OCLCQ
|d TEF
|d JSTOR
|d OCLCQ
|d TOF
|d OCLCO
|d WYU
|d VT2
|d U3W
|d OCLCQ
|d OCLCO
|d SFB
|d OCLCQ
|d OCLCA
|d WaSeSS
|
| 042 |
|
|
|a pcc
|
| 050 |
0 |
0 |
|a RA565.A1
|b S3
|
| 060 |
0 |
0 |
|a W1
|b JO644B
|
| 082 |
0 |
0 |
|a 614.705
|
| 130 |
0 |
|
|a Journal of environmental health (Online)
|
| 245 |
1 |
0 |
|a Journal of environmental health
|h [electronic resource].
|
| 260 |
|
|
|a Denver, CO :
|b National Environmental Health Association
|
| 310 |
|
|
|a Monthy, except bimonthly in Jan./Feb. & July/Aug.,
|b <1996->
|
| 321 |
|
|
|a Bimonthly,
|b Sept./Oct. 1963-
|
| 362 |
1 |
|
|a Print began with vol. 26, no. 2 (Sept./Oct. 1963).
|
| 506 |
|
|
|a License restrictions may limit access.
|
| 538 |
|
|
|a Mode of access: World Wide Web.
|
| 550 |
|
|
|a Volumes for -Jan./Feb. 1970 issued by the National Association of Sanitarians; Mar./Apr. 1970- by the National Environmental Health Association.
|
| 588 |
0 |
|
|a Print version record.
|
| 588 |
1 |
|
|a Vol. 71, no. 7 (Mar. 2009) (EBSCOhost, viewed Apr. 6, 2009).
|
| 650 |
|
0 |
|a Environmental health
|v Periodicals.
|
| 650 |
|
2 |
|a Environmental Health.
|
| 650 |
|
2 |
|a Sanitation.
|
| 650 |
|
7 |
|a Environmental health.
|2 fast
|0 (OCoLC)fst00912999
|
| 655 |
|
0 |
|a Electronic journals.
|
| 710 |
2 |
|
|a National Environmental Health Association.
|
| 710 |
2 |
|
|a National Association of Sanitarians (U.S.)
|
| 776 |
0 |
8 |
|i Print version:
|t Journal of environmental health
|x 0022-0892
|w (DLC)sn 79019059
|w (OCoLC)5271897
|
| 780 |
0 |
0 |
|t Sanitarian's journal of environmental health
|w (DLC) 2018201356
|w (OCoLC)564486817
|
| 856 |
4 |
0 |
|z Full text available from Research Library: 01/01/1994 to present
|u https://search.proquest.com/publication/34757
|